=LDR 00000nam 2200000 4500 =001 NUTBA000000000005581 =005 20141104092119.0 =006 =007 =008 =020 ##$$a 978-979-29-3485-5 =035 ##$$a 0010-111400000000060 =040 ##$$a NBPDMAT =082 ##$$a 650 =090 ##$$a 650 $b Nan m =100 ##$$a Nanik Setyowati =245 ##$$a Mom invesment - Resep investasi untuk wanita & ibu rumah tangga / $c Nanik Setyowati ; editor, Benedicta Rini W =260 ##$$a Yogyakarta : $b Andi, $c 2011 =300 ##$$a xx, 92 hlm. ; $c 20 cm. =650 ##$$a Bisnis =700 ##$$a Benedicta Rini W =850 ##$$a NBPDMAT